Sustainable management of soil organic matter

Gespeichert in:
Bibliographische Detailangaben
Hauptverfasser: Rees, Robert M (VerfasserIn), Ball, B. C (VerfasserIn), Campbell, C. D (VerfasserIn), Watson, C. A (VerfasserIn)
Format: Buch
Sprache:Englisch
Veröffentlicht: Wallingford CABI 2001
Ausgabe:1a. ed
Schlagworte:
Tags: Tag hinzufügen
Keine Tags, Fügen Sie den ersten Tag hinzu!

MARC

LEADER 00000nam a2200000 a 4500
001 UCJ0300
003 CL-VaPUC
008 060714e20010000UK |||||||||||||||||eng|d
020 |a 0851994652 
082 0 4 |a 631.417  |b REE  |2 21 
100 0 |a Rees, Robert M  |e author  |9 500352 
700 0 |a Ball, B. C  |e author  |9 500353 
700 0 |a Campbell, C. D  |e author  |9 500354 
700 0 |a Watson, C. A  |e author  |9 500355 
245 1 0 |a Sustainable management of soil organic matter 
250 |a 1a. ed 
300 |a 440 p 
942 |c BK 
945 |d 20060714 00:00:00  |a cmena 
260 |a Wallingford  |b CABI  |c 2001 
650 7 |a HUMUS  |2 CL-VaPUC  |9 264367 
650 7 |a RESIDUOS ORGANICOS  |2 CL-VaPUC  |9 264500 
650 0 |a Suelos  |9 260322 
650 7 |a CALIDAD DEL SUELO  |2 CL-VaPUC  |9 500356 
650 0 |a Agricultura  |9 255598 
650 0 |a Desarrollo sustentable  |9 333905 
583 |a last modification  |c 20130305 03:36:14  |k Rodrigo Vera 
999 |c 317166  |d 317164 
952 |0 0  |1 0  |4 0  |6 631_417000000000000_REE_2001  |7 0  |8 A  |9 393159  |a BIBAGR  |b BIBAGR  |d 2019-11-22  |i 4256522  |o 631.417 REE 2001  |p 4256522  |r 2025-01-20  |w 2019-11-22  |y BK  |k AGR